Training your Labrador retriever / September B. ... Read More
Available copies
- 1 of 1 copy available at LARL/NWRL Consortium.
- 1 of 1 copy available at Lake Agassiz Regional Library. (Show preferred library)
Current holds
0 current holds with 1 total copy.
Show Only Available Copies
| Location | Call Number / Copy Notes | Barcode | Shelving Location | Status | Due Date |
|---|---|---|---|---|---|
| Fosston Public Library | 636.7527 MOR (Text) | 33500009700725 | Main | Available | - |
Record details
- ISBN: 9780764109928 (pbk.)
- ISBN: 0764109928 (pbk.)
- Physical Description: viii, 151 p. : ill. (some col.) ; 20 cm.
- Publisher: Hauppauge, NY : Barron's, c1999.
Content descriptions
| Bibliography, etc. Note: | Includes bibliographical references (p. 143-146). |
Search for related items by subject
| Subject: | Labrador retriever > Training. |
| LDR | 01042cam a22003014a 4500 | ||
|---|---|---|---|
| 001 | 92222 | ||
| 003 | LARL_NWRL_CONSORTIUM | ||
| 005 | 20080519140123.0 | ||
| 008 | 990504s1999 nyua b 001 0 eng | ||
| 010 | . | ‡a99031346 | |
| 015 | . | ‡aGB99-V4670 | |
| 020 | . | ‡a9780764109928 (pbk.) | |
| 020 | . | ‡a0764109928 (pbk.) | |
| 035 | . | ‡a(OCoLC)41452619 | |
| 040 | . | ‡aDLC ‡cDLC ‡dUKM ‡dDPL ‡dBAKER ‡dBTCTA ‡dYDXCP | |
| 042 | . | ‡apcc | |
| 082 | 0 | 0. | ‡a636.752/7 ‡221 |
| 100 | 1 | . | ‡aMorn, September B. ‡0(LARL_NWRL_CONSORTIUM)142468 |
| 245 | 1 | 0. | ‡aTraining your Labrador retriever / ‡cSeptember B. Morn ; illustrations by Pam Tanzey. |
| 260 | . | ‡aHauppauge, NY : ‡bBarron's, ‡cc1999. | |
| 300 | . | ‡aviii, 151 p. : ‡bill. (some col.) ; ‡c20 cm. | |
| 504 | . | ‡aIncludes bibliographical references (p. 143-146). | |
| 650 | 0. | ‡aLabrador retriever ‡xTraining. | |
| 700 | 1 | . | ‡aTanzey, Pam. ‡0(LARL_NWRL_CONSORTIUM)130370 |
| 901 | . | ‡a92222 ‡bOCLC ‡c92222 ‡tbiblio | |

Add to basket
Permalink
Disable Highlighting